One is a snail, ten is a crab : (Record no. 3715)

MARC details
000 -LEADER
fixed length control field 01194cam a22003734a 4500
001 - CONTROL NUMBER
control field 3715
003 - CONTROL NUMBER IDENTIFIER
control field FISKH
005 - DATE AND TIME OF LATEST TRANSACTION
control field 20250828150549.0
008 - FIXED-LENGTH DATA ELEMENTS--GENERAL INFORMATION
fixed length control field 011003s2003 maua b 000 0 eng
010 ## - LIBRARY OF CONGRESS CONTROL NUMBER
LC control number 2001052494
020 ## - INTERNATIONAL STANDARD BOOK NUMBER
International Standard Book Number 0763614068 (alk. paper)
020 ## - INTERNATIONAL STANDARD BOOK NUMBER
International Standard Book Number 9780545496643
040 ## - CATALOGING SOURCE
Original cataloging agency DLC
Transcribing agency DLC
Modifying agency DLC
Language of cataloging eng
050 00 - LIBRARY OF CONGRESS CALL NUMBER
Classification number QA113
Item number .S367 2003
082 00 - DEWEY DECIMAL CLASSIFICATION NUMBER
Classification number 513.2/11
-- [E]
Edition number 21
100 1# - MAIN ENTRY--PERSONAL NAME
Personal name Sayre, April Pulley.
245 10 - TITLE STATEMENT
Title One is a snail, ten is a crab :
Remainder of title a counting by feet book /
Statement of responsibility, etc. April Pulley Sayre and Jeff Sayre ; illustrated by Randy Cecil.
260 ## - PUBLICATION, DISTRIBUTION, ETC.
Place of publication, distribution, etc. New York :
Name of publisher, distributor, etc. Scholastic,
Date of publication, distribution, etc. 2003.
300 ## - PHYSICAL DESCRIPTION
Extent 36 unnumbered pages :
Other physical details color illustrations ;
Dimensions 23 x​ 27 cm
505 ## - FORMATTED CONTENTS NOTE
Formatted contents note E<br/>
520 ## - SUMMARY, ETC.
Summary, etc. A counting book featuring animals with different numbers of feet.
521 8# - TARGET AUDIENCE NOTE
Target audience note 200<br/>
Source Lexile <br/>
521 8# - TARGET AUDIENCE NOTE
Target audience note E<br/>
Source Raz-Plus<br/>
650 #0 - SUBJECT ADDED ENTRY--TOPICAL TERM
Topical term or geographic name entry element Counting
Form subdivision Juvenile literature.
650 #0 - SUBJECT ADDED ENTRY--TOPICAL TERM
Topical term or geographic name entry element Foot
Form subdivision Juvenile literature.
650 #1 - SUBJECT ADDED ENTRY--TOPICAL TERM
Topical term or geographic name entry element Counting.
650 #1 - SUBJECT ADDED ENTRY--TOPICAL TERM
Topical term or geographic name entry element Foot.
650 #1 - SUBJECT ADDED ENTRY--TOPICAL TERM
Topical term or geographic name entry element Animals.
700 1# - ADDED ENTRY--PERSONAL NAME
Personal name Sayre, Jeff
Relator term Author
700 1# - ADDED ENTRY--PERSONAL NAME
Personal name Cecil, Randy,
Relator term illustrator
906 ## - LOCAL DATA ELEMENT F, LDF (RLIN)
a 7
b cbc
c orignew
d 1
e ocip
f 20
g y-gencatlg
942 ## - ADDED ENTRY ELEMENTS (KOHA)
Source of classification or shelving scheme Dewey Decimal Classification
Koha item type Books
Suppress in OPAC No
Holdings
Withdrawn status Lost status Source of classification or shelving scheme Damaged status Not for loan Collection Home library Current library Shelving location Date acquired Total Checkouts Full call number Barcode Date last seen Date last checked out Copy number Price effective from Koha item type
    Dewey Decimal Classification     Juvenile Fiction Footprints International School Library Network Toul Kork Campus Footprints International School Library Network Toul Kork Campus TK Primary Library Room(4th Floor), Bookcase 7, Shelves 57-60, Dark Green Books 04/23/2024 1 SAY 513.2 QA113.S367 FISBK05337 11/12/2025 08/27/2025 1 04/23/2024 Books
    Dewey Decimal Classification     Juvenile Fiction Footprints International School Library Network Toul Kork Campus Footprints International School Library Network Toul Kork Campus TK Primary Library Room(4th Floor), Bookcase 7, Shelves 57-60, Dark Green Books 04/23/2024 1 SAY 513.2 QA113.S367 FISTK02022 06/04/2025 04/02/2025 2 04/23/2024 Books
    Dewey Decimal Classification     Juvenile Fiction Footprints International School Library Network Toul Tom Poung Campus Footprints International School Library Network Toul Tom Poung Campus TTP Primary Green Bookshelves 08/28/2025 1 SAY 513.2 QA113.S367 FIS01918 10/17/2025 10/10/2025 3 08/28/2025 Books